000 00188nam a2200073Ia 4500
008 170817s9999 xx 000 0 und d
100 _aSINGH RAJ
245 0 _aEDUCATIONAL & VOCATIONAL GUIDANCE
260 _bCOMMONWEALTH PUB
999 _c37727
_d37727